书目信息 |
| 书名: | Battle in the Wilderness | |
| 作者: | Grady McWhiney. | |
| 分册号: | ||
| 分册名: | 出版地: | Fort Worth : |
|
| 出版社: | Ryan Place Publishers | |
| 出版时间: | c1995. | |
| 页数: | 132 p. : | |
| 开本: | 23 cm. | |
| 丛书名: | Civil War campaigns and commanders series | |
| 中图分类号: | ||
| 科图分类号: | ||
| 其他分类号: | K837.12 | |
| 主题词: | ||
| 电子资源: | ||
| 000 | 01139cam a2200325 a 450 | |
| 001 | E0734590337 | |
| 005 | 20070708100659.76 | |
| 008 | 950705s1995 txua b 001 0deng | |
| 010 | @a95173858 | |
| 020 | @a1886661006. | |
| 035 | @A(DLC) 95173858 | |
| 040 | @aDLC@cDLC@dDLC | |
| 043 | @an-us-va@an-us--- | |
| 050 | 00 | @aE476.52@b.M39 1995 |
| 082 | 00 | @a973.7/36@2 20 |
| 090 | @aK837.12 | |
| 099 | @dK837.12@ex82 | |
| 100 | 1 | @aMcWhiney, Grady. |
| 245 | 10 | @aBattle in the Wilderness :@bGrant meets Lee / @cGrady McWhiney. |
| 260 | @aFort Worth :@bRyan Place Publishers,@cc1995. | |
| 300 | @a132 p. :@bill. ;@c23 cm. | |
| 440 | 0 | @aCivil War campaigns and commanders series |
| 504 | @aIncludes bibliographical references and index. | |
| 650 | 0 | @aWilderness, Battle of the, Va., 1864. |
| 650 | 0 | @aGenerals@zUnited States@xBiography. |
| 650 | 0 | @aWilderness, Battle of the, Va., 1864@xBiography. |
| 906 | @a7@bcbc@corignew@d2@encip@f19@gy-gencatlg | |
| 922 | @aad | |
| 955 | @apb11 07-05-95 to hlcd; lj11 to subj. 07-28-95; lj12 08-30-95 | |
| 991 | @bc-GenColl@hE476.52@i.M39 1995@p00053205586@tCopy 1@wBOOKS | |
| Battle in the Wilderness : : Grant meets Lee / / Grady McWhiney.-Fort Worth : : Ryan Place Publishers, , c1995. |
| 132 p. : : ill. ; ; 23 cm.- (Civil War campaigns and commanders series ) |
| Includes bibliographical references and index. |
| ISBN 1886661006. |
| ● |
| 相关链接 |
|
|
|
|
正题名:Battle in the Wilderness
索取号:K837.12/x82
 
预约/预借
| 序号 | 登录号 | 条形码 | 馆藏地/架位号 | 状态 | 备注 |
| 1 | 11398 | 300113981 | 第二样本阅览室/ [索取号:K837.12/x82] | 在馆 |